| 000 | 00938nam0a22002771 4500 | ||
|---|---|---|---|
| 001 | RU\NLR\INFOCOMM_253\5000044273 | ||
| 005 | 20250613095656.0 | ||
| 035 | _a(NLR Aleph) 009302788 | ||
| 090 |
_a9289239 _c9289239 |
||
| 100 | _a20101022d1959 |||y0rusy50 ca | ||
| 101 | 0 | _afre | |
| 102 | _aRU | ||
| 105 | _ay ||||000|y | ||
| 200 | 1 |
_aManuel de français _eLecture analytique _e3-e année _fI. L. Filimonova, E. Y. Yourieva |
|
| 210 |
_aΜ. _cÉd. en langues étrangères _d1959 |
||
| 215 |
_a232 с. _d20 см |
||
| 300 | _aНа с. 232: И. Л. Филимонова, Е. Ю. Юрьева. Учебник французского языка | ||
| 686 |
_aЯ412-510чт _2rubbk |
||
| 700 | 1 |
_aFilimonova _bI. L. _gIrina L'vovna _4070 |
|
| 701 | 1 |
_9z02790 _aJur'eva _bE. Ju. _4070 |
|
| 790 | 1 |
_9z02701 _aYourieva _bE. Y. _4070 |
|
| 801 | 1 |
_aRU _bNLR _c20101022 |
|
| 801 | 0 |
_aRU _bNLR _gPSBO |
|
| 852 |
_aNLR _jЯ61 Г-3/229 |
||
| 942 | _cBOOK | ||
| 980 | _aNB | ||